000 00600nam a2200241 a 4500
001 nice12345678
003 IN_TiNIC
005 20260116011412.0
008 050524s1303 caia grp 000 0 eng
020 _a
_c100
082 0 0 _a500.80297
_bMUS
100 _aMustafa, Ibrahim
245 _aAl-Daroosul Ibtadaiya Fil Kimiyaal Amoomiya.
260 _aCairo
_bNile Mission Press
_c1303
300 _a96p
500 _aincludes index and biblioraphy
505 2 _areference
650 _aIslam and Science
700 1 _aMustafa, Ibrahim
902 _bSRS
942 _cBK
999 _c1206
_d1206